000
00195 a2200097 4500
001
46806
100
_a
Kian V
245
_a
Going for it
260
_a
London
_b
Collins
_c
090
_c
29899
_d
29899
942
_a
NUST-CAE
_c
M
_c
22111
999
_c
281879
_d
281879